| 000 | 00000nam 2200000zi 4500 |
| 001 | 9.934244 |
| 003 | CaOODSP |
| 005 | 20250109150654 |
| 006 | m o d f |
| 007 | cr mn||||||||| |
| 008 | 240221e196903##onca obs f000 0 eng d |
| 040 | |aCaOODSP|beng|erda|cCaOODSP |
| 043 | |an-cn--- |
| 045 | |ax5x6 |
| 086 | 1 |aId32-10/1969E-PDF |
| 245 | 02|aA study of the Canadian hardwood veneer and plywood industry / |cby Wood Products Branch, Department of Industry, Trade and Commerce. |
| 246 | 14|aStudy of the Canadian hardwood plywood and veneer industry |
| 264 | 1|aOttawa : |bWood Products Branch, Department of Industry Trade and Commerce, Lumber Plywood and Panel Products Division, |cMarch 1969. |
| 300 | |a1 online resource (1 volume (various pagings)) : |billustrations |
| 336 | |atext|btxt|2rdacontent |
| 337 | |acomputer|bc|2rdamedia |
| 500 | |aIssued also in French under title: Étude sur l'industrie canadienne des placages et contreplaqués de bois franc. |
| 500 | |aDigitized edition from print [produced by Innovation, Science and Economic Development Canada]. |
| 504 | |aIncludes bibliographical references. |
| 650 | 0|aVeneer industry|zCanada. |
| 650 | 0|aPlywood industry|zCanada. |
| 650 | 0|aVeneer industry|zCanada|vStatistics. |
| 650 | 0|aPlywood industry|zCanada|vStatistics. |
| 655 | 7|aStatistics|2lcgft |
| 710 | 1 |aCanada. |bDepartment of Industry, Trade and Commerce, |eissuing body. |
| 775 | 08|tÉtude sur l'industrie canadienne des placages et contreplaqués de bois franc / |w(CaOODSP)9.946683 |
| 856 | 40|qPDF|s3.06 MB|uhttps://publications.gc.ca/collections/collection_2025/isde-ised/id32/Id32-10-1969-eng.pdf |